000 00987nas a2200313 4500
001 BR2014003061
003 BR-BrBNA
005 20231205124026.0
007 ta
008 230509b bl.|||p| |||| 00| 00por d
040 _aBR-BrBNA
_bpor
_cBiblioteca Nacional de Agricultura
041 _a(En)
072 _aF61
100 1 _aPartelli, F.L.
100 1 _aEspindula, M.C.
100 1 _aMarré, W.B.
100 1 _aVieira, H.D.
245 1 _aDry matter and macronutrient accumulation in fruits of conilon coffee with different ripening cycles
650 _aCAFÉ
650 _aEXIGÊNCIA NUTRICIONAL
650 _aMATÉRIA SECA
650 _aADUBAÇÃO
650 _aGENÓTIPO
650 _aMATURAÇÃO
773 0 _tRevista Brasileira de Ciência do Solo (Brazil)
_xISSN 0100-0683
_g(Jan-Feb 2014), v. 38(1) p. 214-222
_wBR2014003061
856 4 0 _uhttp://www.scielo.br/pdf/rbcs/v38n1/a21v38n1.pdf
909 _a202311
_bLúcia
_c55
_dLúcia Elande
942 _2AGRIS
_n0
_cANA
999 _c236962
_d236962